000 00445nam a2200157Ia 4500
008 210716s2007 xx 000 0 und d
020 _a9788184042955
041 _aeng
082 _a005.3002 MACM
100 _aMacdonald, Matthew.
245 _aExcel 2007 for starters: the missing manual.
_bMissing manual.
250 _a1
260 _aMumbai
_bShroff Publishers and Distributors Pvt Ltd
_c2007
300 _axiii,332,15
650 _aNone
999 _c189146
_d189146